000 00845nam a2200205Ia 4500
008 0000001989 sp a 0000000000spa00
090 _aPSP00 B12f
100 1 _aBada, Forns
_d1956
245 1 0 _aForns Bada
_c/ traducción Virginia Torrente ; fotos Antonio Zafra, Van Gelderen
300 _a[28] p.
_c/ 22 cm.
500 _aExposición realizada en Galeria Estampa, Madrid, 1989 \ Texto bilingue : inglés español \ Con el patronazgo del maestro venezolano Jesús Rafael Soto (q.e.p.d.)
600 0 0 _aBADA, FORNS, 1956/
_xTRABAJOS PICTORICOS
650 1 4 _aARTE CONTEMPORANEO ESPAÑOL
650 1 4 _xCATALOGOS
650 1 4 _xEXPOSICIONES
650 1 4 _aPINTORES ESPAÑOLES
650 1 4 _aPINTURA ESPAÑOLA
700 1 _aTorrente, Virginia, tr. \ Zafra, Antonio \ Gelderen, Van
999 _c4602
_d4602
260 _aMadrid : Galería Estampa
_c1989